Datum a čas kvízu
33
Celkem bodů
Celkový počet nahraných bodů na tomto kvízu bez doplňovacích otázek.
4.
Pořadí na kvízu
Konečné umístění týmu na tomto kvízu.
Zaznamenané odpovědi
| # | Otázka | Odpověď | Body | Výsledky |
|---|---|---|---|---|
| 1. | Naše poslanecká sněmovna minul... | 1 | ||
| 2. | Jak se jmenuje nově zvolená př... | 0 | ||
| 3. | Slavný renesanční malíř zachyt... | 1 | ||
| 4. | Estonská společnost, nabízejíc... | 1 | ||
| 5. | Několik hráčů londýnského Arse... | 0 | ||
| 6. | Ve kterém severoevropském přís... | 1 | ||
| 7. | Jaltská konference byla jedním... | 1 | ||
| 8. | Casablanca je největším městem... | 1 | ||
| 9. | Jak se jmenuje černohorské pří... | 1 | ||
| 10. | Jak se jmenuje přístavní město... | 1 |